Columbo Season 4 Killers - Statistics

General Stats
  • This quiz has been taken 23 times
  • The average score is 5 of 6
Answer Stats
Picture Answer % Correct
Milo Janus
100%
Paul Galesko
100%
Harold van Wick
88%
Mark Collier
88%
Lyle Rumford
75%
Hayden Danziger
63%
No matching quizzes found
Score Distribution
Percent of People with Each Score
Percentile by Number Answered
Your Score History
You have not taken this quiz